| 000 | 00436nam a22001457a 4500 | ||
|---|---|---|---|
| 020 | _a0801814030 | ||
| 082 |
_a338.13 _bGIT _cD |
||
| 245 |
_aEconomic analysis of agricultural projects _cGittinger, J.Price |
||
| 260 |
_aWashington _bThe world bank _c1972 |
||
| 300 |
_avii, 216 p. : _bill, ; _c20 cm. |
||
| 526 |
_a0 _b0 _c0 _d338_130000000000000_GIT |
||
| 526 |
_a0 _b0 _c0 _d338_130000000000000_GIT |
||
| 650 |
_aMCE _9379 |
||
| 942 |
_2ddc _cBK |
||
| 999 |
_c542058 _d542058 |
||